000 01270cam a2200325 a 4500
001 000013241
005 20200929163155.0
008 890801s1988 ck 001 0 spa d
020 _a9586430154
040 _aDO-SdBNP
_cDLC
_dDLC
082 _a336.34
_bS232s
100 1 _aSantander, Francisco de Paula,
_d1792-1840
_918039
245 1 0 _aSantander y los empréstitos de la Gran Colombia, 1822-1828 /
_cFrancisco de Paula Santander ; prólogo de Virgilio Barco.
260 _aBogotá, Colombia :
_bFundación Francisco de Paula Santander,
_c1988.
300 _axxxviii, 479 p. ;
_c25 cm.
490 1 _aBiblioteca de la Presidencia de la República
490 1 _aDocumentos
_v10
500 _aIncluye índice onomástico
500 _aIncluye índice toponímico.
500 _aIncluye índice temático.
504 _aIncluye referencias bibliográficas.
650 4 _aEmprestitos
_zColombia
_xHistoria
_ySIGLO XIX
_930406
651 4 _aColombia
_xPolítica Y Gobierno
_y1819-1831
_94150
600 1 0 _aSANTANDER, FRANCISCO DE PAULA
_d1792-1840
_918039
700 1 _aBarco, Virgilio,
_epról.
_930407
830 0 _aBiblioteca de la Presidencia de la República ;
_pDocumentos.
_930337
910 _aCatalogación por copia / LC
910 _aWM
049 _aBNGR
999 _c12873
_d12873